000 00566nam a2200193Ia 4500
003 GCL
008 140319s9999 xx 000 0 ara d
040 _aGCL /
_cGCL
082 0 4 _a210.4
_bع ا
100 1 _aالغزالى حرب
245 1 0 _aاستقلال المرأة فى الاسلام /
_cالغزالى حرب
260 _a[S.N] :
_bدار المستقبل العربى
300 _a267 ص
490 _a
650 0 4 _aالاسلام
650 0 4 _aالشريعة الاسلامية
650 0 4 _aالمرأة فى الاسلام
942 _2ddc
_cBK
999 _c34041
_d34041